| 000 | 00762nam a22002292 4500 | ||
|---|---|---|---|
| 001 | 0000009259 | ||
| 005 | 20151217152052.0 | ||
| 008 | 080917s xx 000 0 eng d | ||
| 020 |
_a0521007763 : _cKES 2800 |
||
| 040 |
_aKABU _cKABU |
||
| 245 | 1 | 4 |
_aThe Psychology of abilities, competencies, and expertise / _cedited by Robert J. Sternberg, Elena L. Grigorenko. |
| 260 |
_aCambridge : _bC. U. P., _c2003. |
||
| 300 | _axi, 280 p. | ||
| 650 | 0 |
_aAbility. _@0000160425 |
|
| 650 | 0 |
_aPerformance _xPsychological aspects. _@0000160426 |
|
| 650 | 0 |
_aExpertise. _@0000160427 |
|
| 700 | 1 |
_a Sternberg, Robert J. _@0000157970 |
|
| 700 | 1 |
_aGrigorenko, Elena L. _@0000160428 |
|
| 908 | _a080917 | ||
| 950 | _@1 | ||
| 999 |
_c7852 _d7852 |
||